000 00309nam a22001337a 4500
008 170629b xxu||||| |||| 00| 0 eng d
020 _a9780393962888
041 _aeng
080 _26TH
_a82
100 _a22
101 _aGJL
245 _aNORTON ANTHOLOGY ENGLISH LITERATURE
_cABRAMS,M.H
942 _2udc
_cBK
999 _c19463
_d19463